• 首页
  • 本馆介绍
  • 公告通知
  • 最新文献
  • 馆藏检索
  • 电子资源
  • 读者导购
  • 参考咨询
  • 我的图书馆
  • 登录
  • 详细信息显示
  • 放入我的书架
  • 预约/预借图书
  • 作者相关作品
  • 分类相关作品
  • 丛书相关作品
  • 出版社相关作品

书目信息

  • 表格格式
  • 工作单格式
  • 卡片格式
题名:
电子设备测量与技能训练
    
 
作者: 陶宏伟 主编
分册:  
出版信息: 北京   高等教育出版社  1997.7
页数: 223页
开本: 26cm
丛书名:
单 册:
中图分类: TN06
科图分类:
主题词: 自然科学--学术思想
电子资源:
ISBN: 7-04-006000-0
000 00562nam0 2200193 45
001 0009191619
005 20041119085128.9
010    @a7-04-006000-0@dCNY15.60
100    @a20000919d1997 km y0chiy0120 ea
101 0  @achi
105    @a z 000yy
200 1  @a电子设备测量与技能训练@ADian Zi She Bei Ce Liang Yu Ji Neng Xun Lian@f陶宏伟主编@FTao Hong Wei Zhu Bian
210    @a北京@c高等教育出版社@d1997.7
215    @a223页@d26cm
606 0  @a自然科学@x学术思想
690    @aTN06@v1
701  0 @a陶宏伟@4主编
801    @aCN@bTSTC@c20000919
905    @dTN06@e54
    
    电子设备测量与技能训练/陶宏伟主编.-北京:高等教育出版社,1997.7
    223页;26cm
    
    
    ISBN 7-04-006000-0:CNY15.60
    
●
相关链接 在E读中查询图书 在五车中查询图书 在当当中查询图书 在豆瓣中查询图书


正题名:电子设备测量与技能训练     索取号:TN06/54         预约/预借

序号 登录号 条形码 馆藏地/架位号 状态 备注
1 0290403   002904030   第三借阅区/ [索取号:TN06/54] 在馆    
2 0290404   002904049   第三借阅区/ [索取号:TN06/54] 在馆    
3 0290405   002904058   第二样本阅览室/ [索取号:TN06/54] 在馆    
唐山师范学院图书馆 欢迎您!
大连网信软件有限公司© 版权所有